[Event "Masdenverge op 6th"]
[Site "Masdenverge"]
[Date "2017.06.30"]
[Round "2"]
[White "Ramos Lor, Josep"]
[Black "Moya Gimeno, Raul"]
[Result "1-0"]
[WhiteElo "1967"]
[BlackElo "1705"]
[PlyCount "117"]
[EventDate "2017.06.30"]
[EventType "swiss"]
[EventRounds "7"]
[EventCountry "ESP"]
[SourceTitle "EXT 2019"]
[Source "ChessBase"]
[SourceDate "2018.10.10"]
[SourceVersion "1"]
[SourceVersionDate "2018.10.10"]
[SourceQuality "1"]

1. e4 c5 2. Nf3 Nc6 3. c4 g6 4. d4 cxd4 5. Nxd4 Bg7 6. Be3 Qc7 7. Nc3 Nf6 8. Be2 a6 9. Qd2 0-0 10. 0-0 Rd8 11. Rac1 e6 12. Rfd1 d5 13. Nxc6 bxc6 14. cxd5 exd5 15. Nxd5 Nxd5 16. exd5 Qe5 17. Rxc6 Bb7 18. Rc5 Rac8 19. Rxc8 Bxc8 20. b3 Qd6 21. Bc4 Be5 22. h3 Bf5 23. Bd4 Bf4 24. Qc3 Re8 25. Re1 Re4 26. Rxe4 Bxe4 27. Bh8 Bh6 28. Qe5 Qa3 29. Qb2 Qb4 30. Bc3 Qd6 31. Qe2 f5 32. Bxa6 Bxd5 33. Bc4 Qc6 34. Bxd5+ Qxd5 35. Qc4 Qxc4 36. bxc4 Bf8 37. Kf1 Kf7 38. Ke2 Ke6 39. Bd4 Ba3 40. Kd3 Kd6 41. Kc3 Kc6 42. Kb3 Bd6 43. a4 h5 44. a5 g5 45. a6 g4 46. a7 Kb7 47. Ka4 Bc7 48. Kb5 h4 49. Bf6 Kxa7 50. Bxh4 gxh3 51. gxh3 Kb7 52. Kc5 f4 53. Kd5 Kb6 54. Bf6 f3 55. Bd4+ Ka5 56. Ke4 Kb4 57. c5 Kc4 58. h4 Bd8 59. h5 1-0

[Event "Amposta Balague Memorial 2nd"]
[Site "Amposta"]
[Date "2015.07.18"]
[Round "7"]
[White "Esplugas Esteve, Vicenc"]
[Black "Ramos Lor, Josep"]
[Result "1-0"]
[WhiteElo "2240"]
[BlackElo "1969"]
[PlyCount "131"]
[EventDate "2015.07.15"]
[EventType "swiss"]
[EventRounds "9"]
[EventCountry "ESP"]
[SourceTitle "CBM 167 Extra"]
[Source "ChessBase"]
[SourceDate "2015.09.14"]
[SourceVersion "1"]
[SourceVersionDate "2015.09.14"]
[SourceQuality "1"]

1. d4 d5 2. c4 e6 3. Nc3 Nf6 4. cxd5 exd5 5. Bg5 Be7 6. e3 c6 7. Bd3 Nbd7 8. Nge2 Nh5 9. Bxe7 Qxe7 10. Qc2 g6 11. 0-0 0-0 12. Rae1 f5 13. Qd2 Kh8 14. f3 Qg5 15. Nc1 Ndf6 16. b4 a6 17. Nb3 Ne8 18. Na4 Qd8 19. Qc3 Nd6 20. Na5 Nf6 21. Qc5 Be6 22. Rc1 Re8 23. Qc2 Bg8 24. Rfe1 Rc8 25. Qb2 Rc7 26. Nc3 Rce7 27. Qf2 Qb6 28. Rb1 f4 29. Na4 Qa7 30. Nb3 Rxe3 31. Rxe3 Rxe3 32. Qh4 Nh5 33. Rd1 Qb8 34. Nac5 Qe8 35. Kf2 Qe7 36. Qxe7 Rxe7 37. a4 Ng7 38. g4 fxg3+ 39. hxg3 Ngf5 40. Rh1 Kg7 41. g4 Nh6 42. Nd2 Nhf7 43. f4 Nh6 44. Kf3 Be6 45. Nxe6+ Rxe6 46. Rb1 Nhf7 47. b5 axb5 48. axb5 cxb5 49. Bxb5 Ne4 50. Nf1 Rb6 51. Bd3 Rxb1 52. Bxb1 Nc3 53. Bc2 Nd6 54. Bb3 Nde4 55. Bxd5 Ng5+ 56. fxg5 Nxd5 57. Ke4 Nc3+ 58. Ke5 Kf7 59. Nd2 Ke7 60. d5 b5 61. Nb3 b4 62. d6+ Kd7 63. Nc5+ Kc6 64. d7 Kc7 65. Ke6 Nb5 66. Ke7 1-0

[Event "Torredembarra op 8th"]
[Site "Torredembarra"]
[Date "2006.07.14"]
[Round "7"]
[White "Ivanov, Jordan"]
[Black "Ramos Lor, Josep"]
[Result "1-0"]
[WhiteElo "2370"]
[BlackElo "2052"]
[PlyCount "71"]
[EventDate "2006.07.08"]
[EventType "swiss"]
[EventRounds "9"]
[EventCountry "ESP"]
[SourceTitle "EXT 2019"]
[Source "ChessBase"]
[SourceDate "2018.10.10"]
[SourceVersion "1"]
[SourceVersionDate "2018.10.10"]
[SourceQuality "1"]

1. d4 d5 2. c4 e6 3. Nc3 Nf6 4. cxd5 exd5 5. Bg5 Be7 6. e3 c6 7. Bd3 Nbd7 8. Qc2 Nh5 9. Bxe7 Qxe7 10. 0-0-0 Nb6 11. h3 g6 12. g4 Ng7 13. Nf3 Bd7 14. Kb1 0-0-0 15. Ne5 Be8 16. Na4 Nxa4 17. Qxa4 Kb8 18. h4 f6 19. Nf3 Bd7 20. Rdg1 Rhf8 21. h5 gxh5 22. gxh5 Bf5 23. Qc2 Be4 24. Bxe4 dxe4 25. h6 Nf5 26. Nd2 Rg8 27. Qxe4 Qxe4+ 28. Nxe4 Rxg1+ 29. Rxg1 Nxh6 30. Nxf6 Rh8 31. Rh1 Ng8 32. Rxh7 Rxh7 33. Nxh7 Nh6 34. Nf6 Kc7 35. Kc2 Kd6 36. Kd3 1-0

[Event "Torredembarra op 8th"]
[Site "Torredembarra"]
[Date "2006.07.10"]
[Round "3"]
[White "Vazquez Gonzalez, Francisco"]
[Black "Ramos Lor, Josep"]
[Result "1-0"]
[WhiteElo "2106"]
[BlackElo "2052"]
[PlyCount "39"]
[EventDate "2006.07.08"]
[EventType "swiss"]
[EventRounds "9"]
[EventCountry "ESP"]
[SourceTitle "EXT 2019"]
[Source "ChessBase"]
[SourceDate "2018.10.10"]
[SourceVersion "1"]
[SourceVersionDate "2018.10.10"]
[SourceQuality "1"]

1. e4 e5 2. Nf3 Nc6 3. Bc4 Bc5 4. c3 Nf6 5. d3 d6 6. Bb3 Qe7 7. 0-0 0-0 8. Be3 Bb6 9. Nbd2 Ng4 10. Bg5 Nf6 11. Nc4 Be6 12. Ne3 h6 13. Bh4 g5 14. Nxg5 hxg5 15. Bxg5 Nb8 16. Qf3 Nbd7 17. Qg3 Kh8 18. Qh4+ Kg8 19. Bh6 Bxe3 20. fxe3 1-0

[Event "Salou op 08th"]
[Site "Salou"]
[Date "2006.06.12"]
[Round "6"]
[White "Garcia Castro, Pablo"]
[Black "Ramos Lor, Josep"]
[Result "1-0"]
[WhiteElo "2309"]
[BlackElo "2064"]
[PlyCount "54"]
[EventDate "2006.06.07"]
[EventType "swiss"]
[EventRounds "9"]
[EventCountry "ESP"]
[SourceTitle "CBM 112 Extra"]
[Source "ChessBase"]
[SourceDate "2006.07.14"]
[SourceVersion "1"]
[SourceVersionDate "2006.07.14"]
[SourceQuality "1"]

1. g3 e5 2. Bg2 d5 3. d3 Nf6 4. Nf3 Nc6 5. 0-0 Be7 6. a3 0-0 7. b4 a6 8. Bb2 d4 9. c3 Re8 10. Nbd2 Nd5 11. cxd4 exd4 12. Rc1 Nc3 13. Bxc3 dxc3 14. Rxc3 Na7 15. Nc4 Bf6 16. Rc1 Nb5 17. e3 Be6 18. Qc2 c6 19. Nfd2 Nc3 20. Rfe1 b5 21. Na5 Na2 22. Rb1 Nc3 23. Ra1 Na4 24. d4 Bd5 25. Nxc6 Rc8 26. Qxa4 Rxc6 27. Qd1 Qa8 1-0

[Event "Salou op 08th"]
[Site "Salou"]
[Date "2006.06.09"]
[Round "3"]
[White "Ramos Lor, Josep"]
[Black "Aloma Vidal, Roberto"]
[Result "0-1"]
[WhiteElo "2064"]
[BlackElo "2352"]
[PlyCount "146"]
[EventDate "2006.06.07"]
[EventType "swiss"]
[EventRounds "9"]
[EventCountry "ESP"]
[SourceTitle "CBM 112 Extra"]
[Source "ChessBase"]
[SourceDate "2006.07.14"]
[SourceVersion "1"]
[SourceVersionDate "2006.07.14"]
[SourceQuality "1"]

1. e4 c5 2. Nf3 e6 3. d4 cxd4 4. Nxd4 a6 5. Nc3 b5 6. a3 Bb7 7. Bd3 Qc7 8. 0-0 Nf6 9. Qe2 Bd6 10. Nf3 Ng4 11. h3 Ne5 12. Nxe5 Bxe5 13. f4 Bxc3 14. bxc3 Qxc3 15. Bd2 Qc7 16. f5 Nc6 17. Qg4 Qe5 18. Bg5 h5 19. Qh4 Qd4+ 20. Kh1 Ne5 21. Qg3 h4 22. Bxh4 f6 23. fxe6 g5 24. exd7+ Nxd7 25. Qc7 Rxh4 26. Qxb7 Ra7 27. Qc8+ Ke7 28. Qg8 g4 29. e5 gxh3 30. exf6+ Kd6 31. Qg3+ Kc6 32. gxh3 Nxf6 33. Rae1 Rf7 34. Re6+ Kb7 35. Qf3+ Ka7 36. Rxf6 Rxf6 37. Qxf6 Rxh3+ 38. Kg2 Qg4+ 39. Kf2 Qd7 40. Ke1 Re3+ 41. Kd2 Re7 42. Kc1 Qc7 43. Qf2+ Kb7 44. Bg6 Qd6 45. Qf3+ Ka7 46. Qd3 Qe5 47. Rf7 Rxf7 48. Bxf7 Qf4+ 49. Kb2 Qxf7 50. Qe3+ Kb7 51. Qe4+ Kb6 52. Qd4+ Ka5 53. Qb4+ Kb6 54. Qd6+ Kb7 55. Qd4 Qe7 56. Qd5+ Kb6 57. Qd4+ Kc6 58. Qc3+ Kb6 59. Qd4+ Ka5 60. Qc3+ Kb6 61. Qd4+ Qc5 62. Qd8+ Kc6 63. Qa8+ Kb6 64. Qb8+ Ka5 65. Qd8+ Ka4 66. Qh4+ Qc4 67. Qxc4+ bxc4 68. Kc3 Kb5 69. Kd4 a5 70. a4+ Kb4 71. Kd5 c3 72. Kd4 Kxa4 73. Kxc3 Ka3 0-1

[Event "Tortosa op"]
[Site "Tortosa"]
[Date "1996.07.11"]
[Round "7"]
[White "Ramos Lor, Josep"]
[Black "Pamies Martinez, Lluis"]
[Result "1/2-1/2"]
[WhiteElo "2065"]
[BlackElo "2100"]
[PlyCount "106"]
[EventDate "1996.07.05"]
[EventType "swiss"]
[EventRounds "9"]
[EventCountry "ESP"]
[SourceTitle "EXT 2003"]
[Source "ChessBase"]
[SourceDate "2002.11.25"]
[SourceVersion "1"]
[SourceVersionDate "2002.11.25"]
[SourceQuality "1"]

1. e4 c6 2. Nf3 d5 3. Nc3 dxe4 4. Nxe4 Bg4 5. h3 Bh5 6. Ng3 Bg6 7. h4 h6 8. Ne5 Bh7 9. Qh5 g6 10. Bc4 e6 11. Qe2 Qe7 12. 0-0 Nd7 13. Nxd7 Kxd7 14. h5 gxh5 15. Nxh5 Bg6 16. Nf4 Qf6 17. Nxg6 Qxg6 18. d4 Bd6 19. Qf3 Nf6 20. Bd3 Qg7 21. Bf4 Bxf4 22. Qxf4 Rag8 23. Qf3 Qg4 24. Be2 h5 25. Qxg4 hxg4 26. g3 Ne4 27. Kg2 f5 28. Rh1 Kd6 29. c4 b6 30. Rxh8 Rxh8 31. f3 gxf3+ 32. Bxf3 Ng5 33. Be2 a5 34. Rd1 Kc7 35. g4 f4 36. Rf1 Rf8 37. Bf3 Rd8 38. Rd1 c5 39. d5 e5 40. Re1 Re8 41. Be4 Rh8 42. Bf5 Kd6 43. Be4 Rh3 44. Bf5 Rg3+ 45. Kf1 Nf3 46. Re2 Nd4 47. Rg2 Nxf5 48. gxf5 Rxg2 49. Kxg2 e4 50. f6 a4 51. a3 Kd7 52. Kf2 Kd6 53. Ke2 Kd7 1/2-1/2

[Event "Tortosa op"]
[Site "Tortosa"]
[Date "1996.07.07"]
[Round "3"]
[White "Ramos Lor, Josep"]
[Black "Tafalla Grau, Angel"]
[Result "1/2-1/2"]
[WhiteElo "2065"]
[BlackElo "2145"]
[PlyCount "120"]
[EventDate "1996.07.05"]
[EventType "swiss"]
[EventRounds "9"]
[EventCountry "ESP"]
[SourceTitle "EXT 2003"]
[Source "ChessBase"]
[SourceDate "2002.11.25"]
[SourceVersion "1"]
[SourceVersionDate "2002.11.25"]
[SourceQuality "1"]

1. e4 g6 2. d4 Bg7 3. Nc3 d6 4. f4 Nf6 5. Nf3 Bg4 6. Be2 0-0 7. h3 Bxf3 8. Bxf3 c6 9. 0-0 Nbd7 10. e5 Ne8 11. Ne2 Qb6 12. Kh1 Rd8 13. Qe1 c5 14. c3 cxd4 15. cxd4 e6 16. Rb1 Nb8 17. Bd2 Nc6 18. Bc3 Kh8 19. Rc1 d5 20. g4 Nc7 21. Qd2 Nb5 22. Rfd1 Rfe8 23. Ng3 Rc8 24. f5 Nxc3 25. Rxc3 Bf8 26. a3 Na5 27. Be2 Rxc3 28. Qxc3 Nc6 29. f6 Bh6 30. h4 Qa5 31. Qb3 Rb8 32. g5 Bf8 33. h5 Qb6 34. Qc3 Qa5 35. Qc2 Qb6 36. hxg6 fxg6 37. Qc3 Qa5 38. Qc2 Qd8 39. Bg4 Qd7 40. Qh2 Re8 41. Ne2 Nd8 42. Nf4 Kg8 43. Kg2 Qc7 44. Kg3 Qc4 45. Rh1 h6 46. gxh6 Kh7 47. Qd2 Nc6 48. Be2 Qxd4 49. Bd3 Qxe5 50. Bxg6+ Kh8 51. Bxe8 Nd4 52. Kf2 Qxf6 53. Ke3 Bc5 54. Kd3 Nf3 55. Ng6+ Kh7 56. Qe2 Qf5+ 57. Kc3 Qf6+ 58. Kd3 Qf5+ 59. Kc3 Qf6+ 60. Kd3 Qf5+ 1/2-1/2